<?xml version="1.0" encoding="UTF-8"?>
<record
    xmlns:xsi="http://www.w3.org/2001/XMLSchema-instance"
    xsi:schemaLocation="http://www.loc.gov/MARC21/slim http://www.loc.gov/standards/marcxml/schema/MARC21slim.xsd"
    xmlns="http://www.loc.gov/MARC21/slim">

  <leader>00790nam a2200205 i 4500</leader>
  <controlfield tag="001">91381</controlfield>
  <controlfield tag="003">ES-MaACL</controlfield>
  <controlfield tag="005">20250904063053.0</controlfield>
  <controlfield tag="007">t|</controlfield>
  <controlfield tag="008">050128s1925    pe           ||||1| spa d</controlfield>
  <datafield tag="100" ind1="1" ind2=" ">
    <subfield code="a">Levillier, Roberto,</subfield>
    <subfield code="d">1886-1969</subfield>
    <subfield code="9">71965</subfield>
  </datafield>
  <datafield tag="245" ind1="1" ind2="3">
    <subfield code="a">El descubrimiento del Norte Argentino </subfield>
    <subfield code="b">: la expedici&#xF3;n de Diego de Rojas del Cuzco al Tucum&#xE1;n y al R&#xED;o de la Plata 1543-1546 / </subfield>
    <subfield code="c">Roberto Levillier.</subfield>
  </datafield>
  <datafield tag="260" ind1=" " ind2=" ">
    <subfield code="a">Lima : </subfield>
    <subfield code="b">Rosay, </subfield>
    <subfield code="c">1925.</subfield>
  </datafield>
  <datafield tag="300" ind1=" " ind2=" ">
    <subfield code="a">69 p. ; </subfield>
    <subfield code="c">26 cm.</subfield>
  </datafield>
  <datafield tag="500" ind1=" " ind2=" ">
    <subfield code="a">Es tirada aparte del Cap&#xED;tulo III&#xBA; de la "Nueva Cr&#xF3;nica de la Conquista de Tucuman"</subfield>
  </datafield>
  <datafield tag="651" ind1=" " ind2="4">
    <subfield code="a">Tucum&#xE1;n (Gobernaci&#xF3;n)-</subfield>
    <subfield code="x">Historia.</subfield>
    <subfield code="9">151017</subfield>
  </datafield>
  <datafield tag="651" ind1=" " ind2="4">
    <subfield code="a">R&#xED;o de la Plata (Virreinato)-</subfield>
    <subfield code="v">Historia.</subfield>
    <subfield code="9">137351</subfield>
  </datafield>
  <datafield tag="852" ind1=" " ind2=" ">
    <subfield code="a">ES-MaACL</subfield>
    <subfield code="j">F-11304</subfield>
  </datafield>
  <datafield tag="999" ind1=" " ind2=" ">
    <subfield code="c">91381</subfield>
    <subfield code="d">91381</subfield>
  </datafield>
  <datafield tag="952" ind1=" " ind2=" ">
    <subfield code="0">0</subfield>
    <subfield code="1">0</subfield>
    <subfield code="4">0</subfield>
    <subfield code="7">0</subfield>
    <subfield code="a">ATENEOM</subfield>
    <subfield code="b">ATENEOM</subfield>
    <subfield code="c">SPP2</subfield>
    <subfield code="d">2008-01-17</subfield>
    <subfield code="e">SC</subfield>
    <subfield code="l">0</subfield>
    <subfield code="o">F-11304</subfield>
    <subfield code="p">1095405</subfield>
    <subfield code="r">2023-02-23 00:00:00</subfield>
    <subfield code="w">2023-02-23</subfield>
    <subfield code="y">MONOGRAFIA</subfield>
  </datafield>
</record>
